Normal view
MARC view
- Feminismo y educación
Entry Materia
001 - NÚMERO DE CONTROL DEL REGISTRO
- campo de control: 15830
003 - IDENTIFICADOR DE NUMERO DE CONTROL
- campo de control: MX-MxUPN
005 - FECHA Y HORA DE LA ÚLTIMA TRANSACCIÓN
- campo de control: 20241108115052.0
008 - DATOS DE LONGITUD FIJA
- campo de control de longitud fija: 241108n| fcnnnbabn | ana |d
035 ## - NÚMERO DE CONTROL DEL SISTEMA
- Número de control del sistema: UPN10000015838
040 ## - FUENTE DE LA CATALOGACIÓN
- Centro catalogador de origen: MX-MxUPN
- Lengua de catalogación: spa
- Agencia de transcripción: MX-MxUPN
150 ## - ENCABEZAMIENTO - TEMÁTICO
- Término de materia o nombre geográfico como elemento inicial: Feminismo y educación
- Subdivisión geográfica: México
670 ## - FUENTE EN LA QUE SE LOCALIZARON DATOS
- Cita de la fuente: LC
- Información localizada: Feminism and education - Mexico
902 ## - CATALOGADOR
- Catalogador: MCM/060710
